01721nam a22002297a 450000500170000000800410001704000290005804100080008708200120009510000440010724202130015124501940036424600240055826000700058230000360065250004030068850000440109152002480113554600220138365000380140565000480144320140903175126.0140611n a|||fr|||| 000 0 latsd cSandra YazodSandra Yazo0 alat04220a1721 aSolórzano Pereira, Juan ded1575-165500aCien emblemas de tema político, cincelados en madera por el artífice, comentados en poemas vivaces y pulidos; explicados abundantemente con sus respectivos comentarios.cJuan De Solórzano y Pereirayspa10aEmblemata centum, regio politica ligneis laminis a ffabre caelata, vividisque et limitatis carminibus explicita et singularibus commentariis affatim illustratacIoannis de Solorzano Pereira28aEmblem de Solorzano a[Lugar desconocido]b[Editorial desconocida]c[fecha desconocida] a602, 61 páginas.c37 x 25 cm. aDetalles físicos: Encuadernación flexible en pergamino. Guardas rotas. Ejemplar mútilo, primeras páginas arrancadas, sin portada. Texto completo inicia en la página 11. Texto impreso en una columna, enmarcada en un doble recuadro. Varios tamaños de letra. Notas al pie de página, en cada emblema incluye un grabado xilográfico. Signaturas. Reclamos. Páginas 371 a 374 desprendida. aTítulo asignado según el contenido. aCien emblemas grabados, con sus correspondientes títulos o lemas, alusivos a la institución real y al buen gobierno. Comentados en unos versos latinos, y explicados a continuación por el autor, con abundantes citas de autores clásicos. aTexto en latín. 7aEmblemasxObras anteriores a 1800 7aÉtica políticaxObras anteriores a 1800